<?xml version="1.0" encoding="UTF-8"?>
<record
    xmlns:xsi="http://www.w3.org/2001/XMLSchema-instance"
    xsi:schemaLocation="http://www.loc.gov/MARC21/slim http://www.loc.gov/standards/marcxml/schema/MARC21slim.xsd"
    xmlns="http://www.loc.gov/MARC21/slim">

  <leader>02874nab a2200385 i 4500</leader>
  <controlfield tag="001">57395</controlfield>
  <controlfield tag="003">FINmELB</controlfield>
  <controlfield tag="005">20241216232925.0</controlfield>
  <controlfield tag="006">m     o  d |      </controlfield>
  <controlfield tag="007">cr cnu||||||||</controlfield>
  <controlfield tag="008">230704c20039999ag fr p  o    0    0spa d</controlfield>
  <datafield tag="022" ind1=" " ind2=" ">
    <subfield code="a">1515-6443</subfield>
  </datafield>
  <datafield tag="035" ind1=" " ind2=" ">
    <subfield code="a">(OCoLC)1394963055</subfield>
  </datafield>
  <datafield tag="040" ind1=" " ind2=" ">
    <subfield code="a">FINmELB</subfield>
    <subfield code="b">spa</subfield>
    <subfield code="e">rda</subfield>
    <subfield code="c">FINmELB</subfield>
  </datafield>
  <datafield tag="050" ind1=" " ind2="4">
    <subfield code="a">H61</subfield>
    <subfield code="b">.F653 2003</subfield>
  </datafield>
  <datafield tag="080" ind1=" " ind2=" ">
    <subfield code="a">3</subfield>
  </datafield>
  <datafield tag="082" ind1="0" ind2="4">
    <subfield code="a">300</subfield>
    <subfield code="2">23</subfield>
  </datafield>
  <datafield tag="100" ind1="1" ind2=" ">
    <subfield code="a">Foladori, Guillermo,</subfield>
    <subfield code="e">autor.</subfield>
  </datafield>
  <datafield tag="245" ind1="1" ind2="0">
    <subfield code="a">Regresando a la edad media. La salud p&#xFA;blica mundial en manos de la caridad /</subfield>
    <subfield code="c">Guillermo Foladori.</subfield>
  </datafield>
  <datafield tag="264" ind1=" " ind2="1">
    <subfield code="a">Quilmes, Argentina :</subfield>
    <subfield code="b">Universidad Nacional de Quilmes,</subfield>
    <subfield code="c">2003.</subfield>
  </datafield>
  <datafield tag="310" ind1=" " ind2=" ">
    <subfield code="a">Semestral</subfield>
  </datafield>
  <datafield tag="336" ind1=" " ind2=" ">
    <subfield code="a">texto</subfield>
    <subfield code="b">txt</subfield>
    <subfield code="2">rdacontent/spa</subfield>
  </datafield>
  <datafield tag="337" ind1=" " ind2=" ">
    <subfield code="a">computadora</subfield>
    <subfield code="b">c</subfield>
    <subfield code="2">rdamedia/spa</subfield>
  </datafield>
  <datafield tag="338" ind1=" " ind2=" ">
    <subfield code="a">recurso en l&#xED;nea</subfield>
    <subfield code="b">cr</subfield>
    <subfield code="2">rdacarrier/spa</subfield>
  </datafield>
  <datafield tag="362" ind1="0" ind2=" ">
    <subfield code="a">2000-</subfield>
  </datafield>
  <datafield tag="520" ind1=" " ind2=" ">
    <subfield code="a">La virada del milenio muestra una aparente paradoja. Por un lado, la profundizaci&#xF3;n de un proceso de globalizaci&#xF3;n que seg&#xFA;n los voceros de los organismos internacionales como el Banco Mundial, el Fondo Monetario Internacional, la Organizaci&#xF3;n Internacional del Comercio o la Organizaci&#xF3;n Mundial de la Salud, constituye el camino cierto para que los pa&#xED;ses pobres salgan de su atraso hist&#xF3;rico. Por otro lado, el resurgimiento y profundizaci&#xF3;n de las enfermedades infecciosas, que colocan a muchos de los pa&#xED;ses pobres en situaci&#xF3;n catastr&#xF3;fica, ya que est&#xE1;n viendo su poblaci&#xF3;n diezmada y reducida la esperanza de vida para niveles medievales. En los &#xFA;ltimos cincuenta a&#xF1;os la esperanza de vida en los pa&#xED;ses de menores ingresos ha aumentado, pasando de 44 a 64 a&#xF1;os. Pero, debido a pandemias como el SIDA, la tuberculosis, malaria, y otras enfermedades infecciosas, este logro se puede revertir en pocos a&#xF1;os en muchos pa&#xED;ses, y retroceder a niveles inferiores. En el &#xC1;frica sub-Sahariana se estima que la esperanza de vida caer&#xE1; de 62 para 43 a&#xF1;os (Geffen, 2001). En Mozambique la esperanza de vida para el 2010 estar&#xE1; en torno de los 36 a&#xF1;os (GFRH, 2002). En las &#xFA;ltimas d&#xE9;cadas la humanidad ha visto el r&#xE1;pido avance de la integraci&#xF3;n econ&#xF3;mica y social, pero tambi&#xE9;n de las enfermedades infecciosas.</subfield>
  </datafield>
  <datafield tag="588" ind1=" " ind2=" ">
    <subfield code="a">Descripci&#xF3;n basada en metadatos suministrados por el editor y otras fuentes.</subfield>
  </datafield>
  <datafield tag="588" ind1=" " ind2=" ">
    <subfield code="a">Descripci&#xF3;n basada en Revista theomai, n. 99 (verano 2003), P. 11 sin numerar.</subfield>
  </datafield>
  <datafield tag="590" ind1=" " ind2=" ">
    <subfield code="a">Recurso electr&#xF3;nico. Santa Fe, Arg.: elibro, 2023. Disponible v&#xED;a World Wide Web. El acceso puede estar limitado para las bibliotecas afiliadas a elibro.</subfield>
  </datafield>
  <datafield tag="650" ind1=" " ind2="4">
    <subfield code="a">Salud p&#xFA;blica.</subfield>
  </datafield>
  <datafield tag="655" ind1=" " ind2="4">
    <subfield code="a">Art&#xED;culos electr&#xF3;nicos.</subfield>
  </datafield>
  <datafield tag="773" ind1="1" ind2=" ">
    <subfield code="t">Revista theomai.</subfield>
    <subfield code="x">ISSN1515-6443</subfield>
    <subfield code="d">Bernal, Argentina : Universidad Nacional de Quilmes.</subfield>
    <subfield code="g">n. 99 (verano 2003), p. 11 sin numerar</subfield>
  </datafield>
  <datafield tag="797" ind1="2" ind2=" ">
    <subfield code="a">elibro, Corp.</subfield>
  </datafield>
  <datafield tag="856" ind1="4" ind2="0">
    <subfield code="u">https://elibro.net/ereader/politecnicointernacional/20971</subfield>
  </datafield>
  <datafield tag="999" ind1=" " ind2=" ">
    <subfield code="c">57395</subfield>
    <subfield code="d">57395</subfield>
  </datafield>
</record>
